আদর্শায়িত নম্বর ও পার্সেন্টাইল নরম : (Record no. 47473)
[ view plain ]
| 000 -LEADER | |
|---|---|
| fixed length control field | 01174nam a22002297a 4500 |
| 001 - CONTROL NUMBER | |
| control field | 47473 |
| 003 - CONTROL NUMBER IDENTIFIER | |
| rucl marc code | BD-RjUL |
| 005 - DATE AND TIME OF LATEST TRANSACTION | |
| control field | 20211209054325.0 |
| 008 - FIXED-LENGTH DATA ELEMENTS--GENERAL INFORMATION | |
| fixed length control field | 160808s1994 bg ||||| |||| 00| 0 ben d |
| 035 ## - SYSTEM CONTROL NUMBER | |
| System control number | (BD-RjUL)47592 |
| 040 ## - CATALOGING SOURCE | |
| Original cataloging agency | BD-RjUL |
| Language of cataloging | ben |
| Transcribing agency | BD-RjUL |
| 041 ## - LANGUAGE CODE | |
| Language code of text/sound track or separate title | ben |
| 082 ## - DEWEY DECIMAL CLASSIFICATION NUMBER | |
| Edition number | 23 |
| Classification number | 371 |
| Author mark and year | ADA 1994 |
| 110 ## - MAIN ENTRY--CORPORATE NAME | |
| Corporate name or jurisdiction name as entry element | বাংলাদেশ সরকার , মাধ্যমিক পরীক্ষা সংস্কার টাস্ক ফোর্স শিক্ষা মন্ত্রণালয় গণপ্রজাতন্ত্রী |
| 9 (RLIN) | 176812 |
| 245 00 - TITLE STATEMENT | |
| Title | আদর্শায়িত নম্বর ও পার্সেন্টাইল নরম : |
| Remainder of title | মে ১৯৯৪ / |
| 246 ## - VARYING FORM OF TITLE | |
| Title proper/short title | মাধ্যমিক পরীক্ষা সংস্কার : |
| Remainder of title | বিদ্যার্জন সম্ভাব্যতা অভীক্ষা / |
| 260 ## - PUBLICATION, DISTRIBUTION, ETC. (IMPRINT) | |
| Place of publication, distribution, etc. | ঢাকা : |
| Name of publisher, distributor, etc. | টাস্ক ফোর্স, |
| Date of publication, distribution, etc. | ১৯৯৪ |
| 300 ## - PHYSICAL DESCRIPTION | |
| Pagination | ৯০ পৃ. ; |
| Size | ২১ সেমি. |
| 650 ## - SUBJECT ADDED ENTRY--TOPICAL TERM | |
| Topical term or geographic name as entry element | বিদ্যালয় ও কার্যক্রম |
| 9 (RLIN) | 144356 |
| Topical term or geographic name as entry element | School & Activities |
| 9 (RLIN) | 144357 |
| 942 ## - ADDED ENTRY ELEMENTS (KOHA) | |
| Source of classification or shelving scheme | Dewey Decimal Classification |
| Koha item type | Books |
| Lost status | Source of classification or shelving scheme | Damaged status | Not for loan | Collection code | Permanent Location | Current Location | Shelving location | Date acquired | Source of acquisition | Total Checkouts | Full call number | Date last seen | Copy number | Koha item type |
|---|---|---|---|---|---|---|---|---|---|---|---|---|---|---|
| Dewey Decimal Classification | Non-fiction | Central Library, University of Rajshahi | Central Library, University of Rajshahi | 30/05/1995 | Bangla Academy, Dhaka | B 371 ADA 1994 | 08/08/2016 | C-2 | Books | |||||
| Dewey Decimal Classification | Not For Loan | Non-fiction | Central Library, University of Rajshahi | Central Library, University of Rajshahi | Reading Room | 23/07/1994 | Author, gift | B 371 ADA 1994 | 24/12/2016 | C-1 | Books |